000 01594nam a22002897a 4500
005 20101011141328.0
008 100928t xxu||||| |||| 00| 0 hin d
010 _aHIN-92213
020 _c190.00
_a9788173094514
035 _aHN-64559
037 _bDBAD / PUB
040 _aDPL
_bHN
082 _a824
100 _922145
_aवात्स्यायन, सच्चिदानंद हीरानंद 'अज्ञेय'
245 _aसाहित्य, संस्कृति और समाज परिवर्तन की प्रक्रिया /
_cसच्चिदानंद हीरानंद वात्स्यायन 'अज्ञेय'; कृष्णदत्त पालीवाल द्वारा संपादित
246 _aSahitya, Sanskriti or samaj parivartan ki prakriya
_bby S.H. Vatsyayan ' Ajneya'
260 _aनई दिल्ली
_bसस्ता साहित्य मण्डल
_c2010
270 _aएन-77, पहली मंजिल, कनॉट सर्कस
_bनई दिल्ली
_e110001
300 _a168पृ.
_c22सेमी (सजिल्द)
650 _91169
_aहिन्दी निबंध
650 _922409
700 _922273
_aपालीवाल, कृष्णदत्त
700 _91253
700 _922352
942 _2ddc
_cHN
_h824
_mवात्स्याय
999 _c51419
_d51419